| 000 | 00626nam a2200229Ia 4500 | ||
|---|---|---|---|
| 001 | dia_6818 | ||
| 003 | CHAP | ||
| 008 | 220117s1954 xx 000 0 und d | ||
| 010 | _a178910 | ||
| 040 | _cCHAP | ||
| 090 | _aF 203 1954 | ||
| 100 |
_aRamos Uriarte, Guillermo _994511 |
||
| 245 |
_aEl mercado del algodón en la Comarca Lagunera / _c Guillermo Ramos Uriarte |
||
| 260 |
_aMéxico : _b Banco Nacional de Crédito Ejidal, _c1954 |
||
| 300 | _a72 p. | ||
| 901 | _aF 203 1954 | ||
| 902 | _aM | ||
| 905 | _a0000001954 MX 0000000000SPA00 | ||
| 942 | _c12 | ||
| 942 | _c12 | ||
| 999 |
_c178910 _d178910 |
||